000 00358nam a22001337a 4500
008 171023b xxu||||| |||| 00| 0 eng d
020 _a 9780071638180
041 _aeng
080 _a311
100 _a55
101 _aSTA
245 _aSTATISTICS
_cCUNE,S.M
942 _2udc
_cBK
999 _c35514
_d35514